日本の苗字ランキング 101位~200位 - Statistics

General Stats
  • This quiz has been taken 814 times
  • The average score is 30 of 100
Answer Stats
Hint Answer % Correct
103 島田
59%
125
58%
153 野田
56%
112 西田
52%
122 中田
50%
123 久保田
46%
130 本田
46%
129 川崎
45%
111 飯田
43%
126 岩田
43%
159 黒田
43%
181 宮田
43%
188 小田
43%
144 浜田
42%
196 福井
41%
113 西川
40%
128 福島
40%
156 大谷
40%
169 大島
39%
149 大久保
38%
167
38%
106 桜井
37%
108 吉川
37%
119 川口
37%
120
37%
183 高山
37%
101 杉本
36%
109 渡部
36%
117 安田
36%
121 平田
36%
161 永田
35%
102 古川
34%
116 北村
34%
140 石原
34%
187 岡崎
34%
175 横田
33%
107 高野
32%
118 五十嵐
32%
134 永井
32%
163 川村
32%
186 須藤
32%
114 菊池
31%
142 松岡
31%
133 秋山
30%
145 森本
30%
164 荒井
30%
190 上原
30%
198 大森
30%
184 吉野
29%
189 伊東
28%
104 大西
27%
131
27%
135 田口
27%
146 星野
27%
172 菅野
27%
194 松原
27%
110 山内
26%
136 山中
26%
138 吉村
26%
152 吉岡
26%
170 平井
26%
105 水野
25%
139 川上
25%
141 大橋
25%
143 馬場
25%
173 西山
25%
176 石橋
25%
178 岩本
25%
199 成田
25%
160 尾崎
24%
165 田辺
24%
166 松村
24%
137 中西
23%
150 松下
23%
151 小池
23%
154 荒木
23%
197 小泉
23%
147 浅野
22%
171 栗原
22%
174 広瀬
22%
155 内藤
21%
115 小松
20%
127 土屋
20%
132 樋口
20%
148 矢野
20%
158 熊谷
20%
182 大石
20%
191 鎌田
20%
195 古賀
20%
124 服部
19%
157 松浦
19%
180 関口
19%
162 望月
18%
168 早川
18%
192 篠原
17%
177 萩原
16%
193 小西
16%
200 奥村
16%
179 片山
13%
185 本間
12%
No matching quizzes found
Score Distribution
Percent of People with Each Score
Percentile by Number Answered
Your Score History
You have not taken this quiz